[Event "35t. Copenhagen Open (Politiken Cup)"]
[Site "Elsinore"]
[Date "2013.08.04"]
[Round "10"]
[White "Pedersen, Jan Kaas"]
[Black "Marshall, Michael"]
[Result "1/2-1/2"]
[WhiteElo "2018"]
[BlackElo "1839"]
[PlyCount "63"]
[EventDate "2013.07.27"]
[EventType "swiss"]
[EventRounds "10"]
[EventCountry "DEN"]
[Source "ChessBase"]
[SourceDate "2013.08.26"]

1. d4 Nf6 2. Nf3 e6 3. Bg5 h6 4. Bh4 c5 5. c3 cxd4 6. Nxd4 Be7 7. Nd2 d5 8. e3
O-O 9. N2f3 Ne4 10. Bg3 a6 11. Be2 Nd7 12. O-O Nxg3 13. hxg3 Bd6 14. c4 Nf6 15.
Qb3 e5 16. Nc2 dxc4 17. Bxc4 b5 18. Bd5 Nxd5 19. Qxd5 Be6 20. Qd2 Qe7 21. a3 a5
22. Rfd1 Rfd8 23. Qe1 Bb3 24. Rdc1 Rdc8 25. Qe2 Bc4 26. Qd1 f5 27. Nd2 Bf7 28.
g4 Be6 29. gxf5 Bxf5 30. e4 Be6 31. Ne3 Bc5 32. Nd5 1/2-1/2

[Event "35t. Copenhagen Open (Politiken Cup)"]
[Site "Elsinore"]
[Date "2013.08.04"]
[Round "10"]
[White "Brondt, Nicolai Kvist"]
[Black "Aabling Thomsen, Jakob"]
[Result "0-1"]
[WhiteElo "2180"]
[BlackElo "2370"]
[PlyCount "90"]
[EventDate "2013.07.27"]
[EventType "swiss"]
[EventRounds "10"]
[EventCountry "DEN"]
[Source "ChessBase"]
[SourceDate "2013.08.26"]

1. d4 g6 2. Nf3 Bg7 3. g3 d6 4. Bg2 f5 5. b3 Nf6 6. Bb2 O-O 7. O-O Qe8 8. c4 h6
9. Qc2 g5 10. d5 Qh5 11. Nbd2 Nbd7 12. Nd4 Ne5 13. N2f3 f4 14. Nxe5 dxe5 15.
Ne6 Bxe6 16. dxe6 Ng4 17. h3 fxg3 18. fxg3 Ne3 19. Rxf8+ Rxf8 20. Qd2 Nxg2 21.
Kxg2 Qg6 22. Rf1 Rxf1 23. Kxf1 Qxe6 24. Qd5 Qxd5 25. cxd5 e4 26. Ba3 Kf7 27. g4
Bd4 28. Ke1 a5 29. Kd2 b6 30. b4 a4 31. b5 Kf6 32. Kc2 Ke5 33. Bxe7 Kxd5 34.
Bf8 Bf6 35. Bxh6 Kc4 36. h4 gxh4 37. g5 Bd4 38. g6 h3 39. Bf4 Kxb5 40. Bxc7 Kc6
41. Bh2 b5 42. Kd2 Kd5 43. Bg1 Ke6 44. Bh2 Kf5 45. Bg1 Kxg6 0-1

[Event "35t. Copenhagen Open (Politiken Cup)"]
[Site "Elsinore"]
[Date "2013.08.04"]
[Round "10"]
[White "Petersen, Peter Birk"]
[Black "Thiry, Jean Christophe"]
[Result "1-0"]
[WhiteElo "2155"]
[BlackElo "1981"]
[PlyCount "105"]
[EventDate "2013.07.27"]
[EventType "swiss"]
[EventRounds "10"]
[EventCountry "DEN"]
[Source "ChessBase"]
[SourceDate "2013.08.26"]

1. e4 e5 2. Nf3 d6 3. d4 Nf6 4. Nc3 Nbd7 5. Bc4 Be7 6. O-O O-O 7. Re1 c6 8. a4
b6 9. d5 cxd5 10. Nxd5 Bb7 11. b3 Bxd5 12. Bxd5 Nxd5 13. Qxd5 Nf6 14. Qd1 Qc7
15. c4 Rfd8 16. Qe2 a6 17. Bg5 Ne8 18. Bd2 Rab8 19. a5 b5 20. Be3 Qc6 21. Bb6
Rdc8 22. cxb5 Qxb5 23. Qxb5 axb5 24. Rec1 Nf6 25. a6 Rxc1+ 26. Rxc1 Rxb6 27. a7
Ra6 28. Rc8+ Bf8 29. a8=Q Rxa8 30. Rxa8 Nxe4 31. Rb8 Nc3 32. Kf1 f6 33. Rb7 d5
34. g4 g5 35. h4 h6 36. h5 b4 37. Ne1 d4 38. f3 Bd6 39. Nd3 e4 40. fxe4 Nxe4
41. Nxb4 Nd2+ 42. Ke2 Nxb3 43. Nd5 d3+ 44. Kd1 Nc5 45. Nxf6+ Kf8 46. Nd7+ Kg8
47. Nxc5 Bxc5 48. Kd2 Bf8 49. Kxd3 Kh8 50. Ke4 Bg7 51. Kf5 Kh7 52. Rd7 Kg8 53.
Kg6 1-0

[Event "35t. Copenhagen Open (Politiken Cup)"]
[Site "Elsinore"]
[Date "2013.08.04"]
[Round "10"]
[White "Philipsen, William Horup"]
[Black "Bayhan, Erkan"]
[Result "1/2-1/2"]
[WhiteElo "1922"]
[BlackElo "1753"]
[PlyCount "119"]
[EventDate "2013.07.27"]
[EventType "swiss"]
[EventRounds "10"]
[EventCountry "DEN"]
[Source "ChessBase"]
[SourceDate "2013.08.26"]

1. e4 c5 2. d4 cxd4 3. c3 Nf6 4. e5 Nd5 5. Nf3 d6 6. exd6 Qxd6 7. Na3 a6 8. Nc4
Qc7 9. Qxd4 e6 10. Bd3 Nc6 11. Qh4 Be7 12. Bg5 b5 13. Ne3 Nxe3 14. fxe3 Bb7 15.
O-O Bxg5 16. Nxg5 Nd8 17. Nxh7 Rg8 18. Qg5 Qe7 19. Nf6+ Kf8 20. Nh7+ Ke8 21.
Qg3 f5 22. e4 g5 23. exf5 Qxh7 24. fxe6 Be4 25. Bxe4 Qxe4 26. Qd6 Ra7 27. Rad1
Qa8 28. e7 Rxe7 29. Rfe1 Qa7+ 30. Kh1 Nf7 31. Rxe7+ Qxe7 32. Qxa6 b4 33. cxb4
Kf8 34. Qc8+ Kg7 35. Qc5 Qe2 36. Rd7 Qe1+ 37. Qg1 Qxb4 38. Qc1 Re8 39. Rd1 Re2
40. Qc3+ Qxc3 41. bxc3 Rxa2 42. Rc1 Ra5 43. Kg1 Kf6 44. Kf2 Nd6 45. Ke3 Ke5 46.
Kd3 Rd5+ 47. Ke3 Nc4+ 48. Kf3 Kf5 49. g4+ Ke5 50. Re1+ Kf6 51. h4 Rd3+ 52. Ke4
Rd7 53. Rf1+ Kg7 54. Rh1 gxh4 55. Rxh4 Kg6 56. Rh5 Nd2+ 57. Ke5 Rc7 58. Kd4
Rc4+ 59. Kd3 Rxg4 60. Rd5 1/2-1/2

[Event "35t. Copenhagen Open (Politiken Cup)"]
[Site "Elsinore"]
[Date "2013.08.04"]
[Round "10"]
[White "Preuss, Flemming"]
[Black "Hanssen, Johnny"]
[Result "1-0"]
[WhiteElo "1994"]
[BlackElo "1879"]
[PlyCount "55"]
[EventDate "2013.07.27"]
[EventType "swiss"]
[EventRounds "10"]
[EventCountry "DEN"]
[Source "ChessBase"]
[SourceDate "2013.08.26"]

1. f4 d5 2. Nf3 c5 3. g3 Nf6 4. d3 Nc6 5. Bg2 g6 6. O-O Bg7 7. Qe1 O-O 8. c3 d4
9. Na3 e5 10. fxe5 Ng4 11. Bg5 Qe8 12. Nb5 Qd7 13. cxd4 Nb4 14. Na3 a5 15. h3
Nh6 16. dxc5 Nf5 17. Qf2 Nc6 18. Nc4 Qc7 19. g4 Nfe7 20. d4 Be6 21. Nd6 f6 22.
exf6 Bxf6 23. Bxf6 Rxf6 24. Qh4 Raf8 25. Ng5 Rxf1+ 26. Rxf1 Rxf1+ 27. Kxf1 Bxa2
28. Qxh7+ 1-0

[Event "35t. Copenhagen Open (Politiken Cup)"]
[Site "Elsinore"]
[Date "2013.08.04"]
[Round "10"]
[White "Rasmussen, Henning Lau"]
[Black "Sorensen, Bernhard W"]
[Result "1-0"]
[WhiteElo "1835"]
[BlackElo "1591"]
[PlyCount "107"]
[EventDate "2013.07.27"]
[EventType "swiss"]
[EventRounds "10"]
[EventCountry "DEN"]
[Source "ChessBase"]
[SourceDate "2013.08.26"]

1. d4 e6 2. e4 d5 3. Nd2 dxe4 4. Nxe4 Nf6 5. Nxf6+ Qxf6 6. Nf3 h6 7. Bd3 Bd6 8.
O-O O-O 9. Re1 Nc6 10. c3 b6 11. Be4 Bb7 12. Ne5 Bxe5 13. dxe5 Qe7 14. f4 f5
15. exf6 Rxf6 16. Qe2 Nd8 17. b3 Bxe4 18. Qxe4 Qc5+ 19. Be3 Qc6 20. Bd4 Qxe4
21. Rxe4 Rg6 22. Rae1 c5 23. Be5 Nc6 24. Rd1 Nxe5 25. Rxe5 Rf6 26. Rd6 Kf7 27.
Rd7+ Kf8 28. Re2 g6 29. Red2 Ke8 30. Rh7 h5 31. Rdd7 a6 32. h4 Rd8 33. Rxd8+
Kxd8 34. Rb7 e5 35. fxe5 Re6 36. Kf2 Kc8 37. Rg7 Kd8 38. Kf3 Rxe5 39. Rxg6 Kc7
40. Rg5 Rxg5 41. hxg5 Kd6 42. Ke4 Ke6 43. c4 a5 44. a4 Kf7 45. Kf5 Kg7 46. g6
Kg8 47. Kg5 Kg7 48. Kxh5 Kg8 49. Kh6 Kh8 50. g4 Kg8 51. g7 Kf7 52. Kh7 Ke6 53.
g8=Q+ Ke5 54. Qd5+ 1-0

[Event "35t. Copenhagen Open (Politiken Cup)"]
[Site "Elsinore"]
[Date "2013.08.04"]
[Round "10"]
[White "Rasmussen, Lars"]
[Black "Torkilseng, Runar"]
[Result "1-0"]
[WhiteElo "1977"]
[BlackElo "1827"]
[PlyCount "87"]
[EventDate "2013.07.27"]
[EventType "swiss"]
[EventRounds "10"]
[EventCountry "DEN"]
[Source "ChessBase"]
[SourceDate "2013.08.26"]

1. e4 e6 2. d4 d5 3. Nd2 Nf6 4. e5 Nfd7 5. Bd3 c5 6. c3 Nc6 7. Ne2 cxd4 8. cxd4
f6 9. exf6 Nxf6 10. Nf3 Bd6 11. Bf4 Qc7 12. Bxd6 Qxd6 13. O-O O-O 14. Rc1 Bd7
15. Bb1 Rac8 16. Ng3 e5 17. Nf5 Bxf5 18. Bxf5 Rcd8 19. dxe5 Nxe5 20. Nd4 Rfe8
21. Qc2 g6 22. Bh3 a6 23. Qc7 Re7 24. Qxd6 Rxd6 25. Rfe1 Nc6 26. Rxe7 Nxe7 27.
Re1 Nc6 28. Re6 Rxe6 29. Bxe6+ Kf8 30. Nxc6 bxc6 31. b4 c5 32. bxc5 Ke7 33. Bc8
a5 34. f3 Kd8 35. Ba6 d4 36. Kf2 Kc7 37. Bb5 Nd5 38. h4 h6 39. Bc4 Kc6 40. g4
g5 41. Bxd5+ Kxd5 42. h5 Kxc5 43. f4 Kd5 44. fxg5 1-0

[Event "35t. Copenhagen Open (Politiken Cup)"]
[Site "Elsinore"]
[Date "2013.08.04"]
[Round "10"]
[White "Rasmussen, Morten(1956)"]
[Black "Jensen, Michael Agermose"]
[Result "1/2-1/2"]
[WhiteElo "1921"]
[BlackElo "2066"]
[PlyCount "31"]
[EventDate "2013.07.27"]
[EventType "swiss"]
[EventRounds "10"]
[EventCountry "DEN"]
[Source "ChessBase"]
[SourceDate "2013.08.26"]

1. d4 f5 2. Nf3 Nf6 3. g3 g6 4. c4 Bg7 5. b4 d6 6. Bb2 O-O 7. Qb3 c5 8. bxc5
dxc5 9. d5 Na6 10. Bg2 Rb8 11. Ne5 Ne4 12. O-O Nd6 13. a4 Nb4 14. Nd3 Bxb2 15.
Nxb2 a5 16. Nd3 1/2-1/2

[Event "35t. Copenhagen Open (Politiken Cup)"]
[Site "Elsinore"]
[Date "2013.08.04"]
[Round "10"]
[White "Rendlev, Niels Moller"]
[Black "Tallaksen, Henrik G"]
[Result "1-0"]
[WhiteElo "1843"]
[BlackElo "1725"]
[PlyCount "75"]
[EventDate "2013.07.27"]
[EventType "swiss"]
[EventRounds "10"]
[EventCountry "DEN"]
[Source "ChessBase"]
[SourceDate "2013.08.26"]

1. e4 c5 2. d4 cxd4 3. c3 dxc3 4. Nxc3 Nc6 5. Nf3 e6 6. Bc4 Bb4 7. O-O Bxc3 8.
bxc3 Nge7 9. Qd6 O-O 10. Bg5 f6 11. Bh4 Ng6 12. Bg3 Qe7 13. Rfd1 Kh8 14. Nd4 a6
15. Nb3 b6 16. Rd2 e5 17. Rad1 Re8 18. f3 h6 19. Bf2 b5 20. Bf1 Nf4 21. Nc5
Qxd6 22. Rxd6 Na5 23. Nxd7 Bxd7 24. Rxd7 Rac8 25. g3 Ng6 26. Bb6 Nc4 27. Bxc4
Rxc4 28. Ra7 Re7 29. Ra8+ Kh7 30. Ba5 Ra4 31. Bb4 Re6 32. a3 Nh8 33. Rd7 Kg6
34. Rxh8 a5 35. Bf8 Rc4 36. Rxg7+ Kh5 37. g4+ Kh4 38. Rxh6# 1-0

[Event "35t. Copenhagen Open (Politiken Cup)"]
[Site "Elsinore"]
[Date "2013.08.04"]
[Round "10"]
[White "Roggensack, Hans Peter"]
[Black "Skjoldager, Mikael"]
[Result "1-0"]
[WhiteElo "1950"]
[BlackElo "2088"]
[PlyCount "105"]
[EventDate "2013.07.27"]
[EventType "swiss"]
[EventRounds "10"]
[EventCountry "DEN"]
[Source "ChessBase"]
[SourceDate "2013.08.26"]

1. e4 e5 2. Nf3 Nc6 3. Bb5 Nf6 4. Nc3 Bc5 5. O-O d6 6. Bxc6+ bxc6 7. d4 exd4 8.
Nxd4 Bd7 9. Bg5 h6 10. Bh4 g5 11. Bg3 h5 12. f3 Rb8 13. b3 h4 14. Bf2 g4 15.
Be3 g3 16. Na4 h3 17. hxg3 Nh5 18. Qe1 hxg2 19. Kxg2 Bh3+ 20. Kg1 Rg8 21. g4
Bxg4 22. fxg4 Rxg4+ 23. Kh2 Rh4+ 24. Kg2 Rg4+ 25. Kf3 Rg3+ 26. Ke2 Rxe3+ 27.
Kxe3 Qg5+ 28. Kd3 Nf4+ 29. Rxf4 Qxf4 30. Nxc5 dxc5 31. Nf5 Rd8+ 32. Kc4 Qe5 33.
Qe3 Qxa1 34. Qxc5 Qf6 35. Nd4 Rxd4+ 36. Qxd4 Qe6+ 37. Kd3 Qh3+ 38. Qe3 Qd7+ 39.
Kc3 a6 40. Qd4 Qe6 41. a4 Ke7 42. Kb4 f6 43. Ka5 Ke8 44. Qc4 Qd6 45. b4 Kd7 46.
Qd3 Kc8 47. Qxd6 cxd6 48. Kb6 Kd7 49. Kxa6 d5 50. exd5 f5 51. dxc6+ Kxc6 52.
b5+ Kd7 53. b6 1-0

[Event "35t. Copenhagen Open (Politiken Cup)"]
[Site "Elsinore"]
[Date "2013.08.04"]
[Round "10"]
[White "Rose, Dennis Lauge"]
[Black "Skjoldager, Flemming"]
[Result "0-1"]
[WhiteElo "1827"]
[BlackElo "1979"]
[PlyCount "68"]
[EventDate "2013.07.27"]
[EventType "swiss"]
[EventRounds "10"]
[EventCountry "DEN"]
[Source "ChessBase"]
[SourceDate "2013.08.26"]

1. f4 g6 2. Nf3 Bg7 3. e3 d6 4. d4 Nf6 5. Bd3 c5 6. c3 O-O 7. O-O Qc7 8. Nbd2
e6 9. h3 Nc6 10. Ne4 Nxe4 11. Bxe4 Bd7 12. Nh2 Ne7 13. Qe1 f5 14. Bd3 Rae8 15.
Nf3 Nc6 16. Qg3 a6 17. Bd2 Nd8 18. Rfe1 Nf7 19. Rac1 e5 20. Bc4 Be6 21. Bxe6
Rxe6 22. d5 Re7 23. b3 c4 24. Qh4 Rfe8 25. e4 exf4 26. exf5 gxf5 27. Rxe7 Rxe7
28. Bxf4 Re4 29. Qg3 Qc5+ 30. Kh2 Qxd5 31. Nd2 Rxf4 32. Qxf4 Be5 33. Qxe5 Qxe5+
34. Kg1 Qe3+ 0-1

[Event "35t. Copenhagen Open (Politiken Cup)"]
[Site "Elsinore"]
[Date "2013.08.04"]
[Round "10"]
[White "Satre, Roger"]
[Black "Oe, Oluf"]
[Result "1-0"]
[WhiteElo "1833"]
[BlackElo "1992"]
[PlyCount "61"]
[EventDate "2013.07.27"]
[EventType "swiss"]
[EventRounds "10"]
[EventCountry "DEN"]
[Source "ChessBase"]
[SourceDate "2013.08.26"]

1. e4 d6 2. Nc3 Nf6 3. g3 g6 4. Bg2 Bg7 5. d3 O-O 6. f4 c6 7. Nf3 Qb6 8. d4 Bg4
9. h3 Bxf3 10. Bxf3 e5 11. dxe5 dxe5 12. Na4 Qa5+ 13. c3 Nbd7 14. Be3 Rfe8 15.
Qc2 exf4 16. gxf4 Nxe4 17. Bxe4 f5 18. Qb3+ Kh8 19. O-O-O Rxe4 20. Rxd7 Rxe3
21. Qf7 Rg8 22. Rhd1 Ree8 23. b3 Qb5 24. Rxb7 Qe2 25. Rdd7 Qxa2 26. Re7 Rxe7
27. Rxe7 Qf2 28. Re8 Qxf4+ 29. Kb1 Qf1+ 30. Ka2 Qg2+ 31. Nb2 1-0

[Event "35t. Copenhagen Open (Politiken Cup)"]
[Site "Elsinore"]
[Date "2013.08.04"]
[Round "10"]
[White "Schou Moldt, Thomas"]
[Black "Bekker Jensen, David"]
[Result "1/2-1/2"]
[WhiteElo "2202"]
[BlackElo "2310"]
[PlyCount "78"]
[EventDate "2013.07.27"]
[EventType "swiss"]
[EventRounds "10"]
[EventCountry "DEN"]
[Source "ChessBase"]
[SourceDate "2013.08.26"]

1. e4 c5 2. Nf3 d6 3. d4 cxd4 4. Nxd4 Nf6 5. Nc3 a6 6. Be2 e5 7. Nb3 Be7 8. Be3
Be6 9. O-O O-O 10. f4 exf4 11. Rxf4 Nc6 12. Rf1 Rc8 13. a4 Ne8 14. a5 Bf6 15.
Bb6 Qe7 16. Nd5 Bxd5 17. exd5 Ne5 18. Re1 Qd7 19. Nd4 g6 20. b3 h5 21. Ra4 Bg7
22. c4 Nf6 23. Bf3 Rfe8 24. Ra2 Qe7 25. Rf1 Nfd7 26. Bxh5 Nxb6 27. axb6 Qd8 28.
Bf3 Qxb6 29. Kh1 Nxc4 30. bxc4 Bxd4 31. Bg4 Rxc4 32. Be6 fxe6 33. Qd3 Rec8 34.
Qxg6+ Bg7 35. Qxe6+ Kh8 36. Qh3+ Kg8 37. Qe6+ Kh7 38. Qf5+ Kg8 39. Qe6+ Kh8
1/2-1/2

[Event "35t. Copenhagen Open (Politiken Cup)"]
[Site "Elsinore"]
[Date "2013.08.04"]
[Round "10"]
[White "Skjolas, Erling Dyrhaug"]
[Black "Bjorn, Lasse E"]
[Result "0-1"]
[WhiteElo "1581"]
[BlackElo "1810"]
[PlyCount "120"]
[EventDate "2013.07.27"]
[EventType "swiss"]
[EventRounds "10"]
[EventCountry "DEN"]
[Source "ChessBase"]
[SourceDate "2013.08.26"]

1. e4 c5 2. Nf3 d6 3. d4 cxd4 4. Nxd4 Nf6 5. Nc3 g6 6. Be3 Bg7 7. f3 O-O 8. Qd2
Nc6 9. O-O-O Bd7 10. g4 Ne5 11. h4 h5 12. gxh5 Nxh5 13. Bh6 Rc8 14. Bxg7 Kxg7
15. Kb1 Nc4 16. Bxc4 Rxc4 17. Rdg1 a5 18. Rg5 f6 19. Rb5 Rxd4 20. Qxd4 Bxb5 21.
Nxb5 Qd7 22. a4 Rc8 23. Re1 Rc5 24. Rd1 Qh3 25. Qf2 Nf4 26. Rg1 Kf7 27. Rg4 Ne6
28. Qg2 Qxg2 29. Rxg2 Rh5 30. Rg4 f5 31. exf5 Rxf5 32. Rg3 Rf4 33. Rh3 Rxa4 34.
h5 g5 35. Nc3 Rh4 36. Rg3 Rxh5 37. Ne4 Kg6 38. Rg4 Rh3 39. f4 Kf5 40. Rg3 Rh1+
41. Ka2 Kxe4 42. fxg5 Kf4 43. Ra3 b6 44. Rb3 Nc5 45. Rxb6 Kxg5 46. Rb5 a4 47.
Rb4 Kf5 48. Rc4 Ke5 49. Rg4 Rf1 50. Rh4 Kd5 51. c4+ Kc6 52. Ka3 e5 53. Rh8 Rf4
54. Kb4 Rf3 55. Ka5 Rb3 56. Rh2 a3 57. bxa3 Rxa3+ 58. Kb4 Rb3+ 59. Ka5 Nd3 60.
Ka4 Rb4+ 0-1

[Event "35t. Copenhagen Open (Politiken Cup)"]
[Site "Elsinore"]
[Date "2013.08.04"]
[Round "10"]
[White "Soors, Stef"]
[Black "Riis, Jens"]
[Result "1-0"]
[WhiteElo "2405"]
[BlackElo "2174"]
[PlyCount "107"]
[EventDate "2013.07.27"]
[EventType "swiss"]
[EventRounds "10"]
[EventCountry "DEN"]
[Source "ChessBase"]
[SourceDate "2013.08.26"]

1. e4 e6 2. d4 d5 3. Nd2 c5 4. exd5 exd5 5. Ngf3 Nc6 6. Bb5 Bd6 7. O-O Nge7 8.
dxc5 Bxc5 9. Nb3 Bd6 10. c3 O-O 11. Bd3 h6 12. h3 Ne5 13. Bc2 Re8 14. Nxe5 Bxe5
15. Qf3 Qd6 16. Be3 Qf6 17. Qxf6 Bxf6 18. Bd4 Bxd4 19. Nxd4 Nc6 20. Rfe1 Bd7
21. Bf5 Bxf5 22. Nxf5 Kf8 23. Kf1 b6 24. Rad1 Rxe1+ 25. Kxe1 Rd8 26. g4 Rd7 27.
f4 f6 28. Ne3 Re7 29. Kf2 d4 30. Nf5 Rd7 31. Nxd4 Kf7 32. h4 Rd5 33. Kf3 Rd7
34. h5 Ne7 35. Re1 Nd5 36. Nf5 Nc7 37. Nd4 Nd5 38. Re2 Ne7 39. Ke4 Nc8 40. a4
Ne7 41. Kf3 Nd5 42. Re1 Ne7 43. Ra1 Rd5 44. Ke3 Rc5 45. Kd3 Nd5 46. Ke4 Nc7 47.
Rc1 Nd5 48. Nb3 f5+ 49. Ke5 Rc4 50. Kxd5 Rxf4 51. Nd4 fxg4 52. Rg1 g6 53. hxg6+
Kxg6 54. Ke5 1-0

[Event "35t. Copenhagen Open (Politiken Cup)"]
[Site "Elsinore"]
[Date "2013.08.04"]
[Round "10"]
[White "Sorensen, Dick"]
[Black "Madison, Sigurd"]
[Result "1-0"]
[WhiteElo "2000"]
[BlackElo "1792"]
[PlyCount "61"]
[EventDate "2013.07.27"]
[EventType "swiss"]
[EventRounds "10"]
[EventCountry "DEN"]
[Source "ChessBase"]
[SourceDate "2013.08.26"]

1. d4 d5 2. Nf3 e6 3. c4 Nf6 4. Nc3 Be7 5. Bg5 Nbd7 6. e3 c6 7. cxd5 exd5 8.
Bd3 Ne4 9. Bxe7 Qxe7 10. O-O O-O 11. Rc1 f5 12. a3 Rf6 13. b4 Rh6 14. Qb3 Kh8
15. Rc2 g5 16. g3 g4 17. Bxe4 fxe4 18. Nh4 Rxh4 19. gxh4 Nf8 20. h5 Qg5 21. Ne2
Ne6 22. Nf4 Ng7 23. b5 Qh6 24. bxc6 bxc6 25. Rfc1 Bd7 26. Qb7 Rd8 27. Qxa7 Nxh5
28. Qc7 Nf6 29. Qxd8+ Kg7 30. Qe7+ Kg8 31. Rb1 1-0

[Event "35t. Copenhagen Open (Politiken Cup)"]
[Site "Elsinore"]
[Date "2013.08.04"]
[Round "10"]
[White "Strachan, Christian C"]
[Black "Zyde, Fadmal"]
[Result "1-0"]
[WhiteElo "1873"]
[BlackElo "1675"]
[PlyCount "77"]
[EventDate "2013.07.27"]
[EventType "swiss"]
[EventRounds "10"]
[EventCountry "DEN"]
[Source "ChessBase"]
[SourceDate "2013.08.26"]

1. e4 e5 2. Nf3 Nc6 3. Bc4 h6 4. c3 Qf6 5. O-O Na5 6. Bb5 a6 7. Ba4 b5 8. Bc2
Ne7 9. d4 Ng6 10. Be3 Nc4 11. b3 Nb6 12. Nbd2 d6 13. Qe2 Be7 14. Ne1 Nh4 15. f4
exf4 16. Bxf4 Qe6 17. Bg3 Bb7 18. Qf2 Ng6 19. Nef3 h5 20. h4 Nf8 21. e5 d5 22.
Ng5 Bxg5 23. hxg5 g6 24. Rae1 Nbd7 25. Re3 Nh7 26. Bh4 Rf8 27. Rf3 Rd8 28. Rf4
Nb6 29. Bd1 Rd7 30. g4 Qe7 31. gxh5 gxh5 32. g6 Ng5 33. Qg3 Qe6 34. Qxg5 Rg8
35. Bxh5 fxg6 36. Bg4 Qc6 37. Bxd7+ Kxd7 38. Qe7+ Kc8 39. Rf8+ 1-0

[Event "35t. Copenhagen Open (Politiken Cup)"]
[Site "Elsinore"]
[Date "2013.08.04"]
[Round "10"]
[White "Stray, Gunnar"]
[Black "Fossan, Petter"]
[Result "1/2-1/2"]
[WhiteElo "2056"]
[BlackElo "2245"]
[PlyCount "32"]
[EventDate "2013.07.27"]
[EventType "swiss"]
[EventRounds "10"]
[EventCountry "DEN"]
[Source "ChessBase"]
[SourceDate "2013.08.26"]

1. Nf3 c5 2. g3 Nc6 3. Bg2 g6 4. O-O Bg7 5. e4 e5 6. c4 Nge7 7. Nc3 d6 8. d3
O-O 9. Nd5 h6 10. Bd2 Bd7 11. Rb1 Nxd5 12. cxd5 Nd4 13. Nxd4 cxd4 14. Qb3 Qb6
15. Qxb6 axb6 16. Bb4 Bb5 1/2-1/2

[Event "35t. Copenhagen Open (Politiken Cup)"]
[Site "Elsinore"]
[Date "2013.08.04"]
[Round "10"]
[White "Svendsen, Petter"]
[Black "Maagaard, David Bille"]
[Result "1-0"]
[WhiteElo "1974"]
[BlackElo "1821"]
[PlyCount "133"]
[EventDate "2013.07.27"]
[EventType "swiss"]
[EventRounds "10"]
[EventCountry "DEN"]
[Source "ChessBase"]
[SourceDate "2013.08.26"]

1. e4 e5 2. Nf3 Nf6 3. Nxe5 d6 4. Nf3 Nxe4 5. Nc3 d5 6. Qe2 Be7 7. Nxe4 dxe4 8.
Qxe4 O-O 9. Bc4 Bf6 10. O-O Nc6 11. Re1 Bd7 12. c3 Re8 13. Qd5 Rxe1+ 14. Nxe1
Ne5 15. Bb3 c6 16. Qe4 g6 17. d4 Bf5 18. Qe2 Nd7 19. Be3 Qe7 20. Nf3 Re8 21.
Rd1 g5 22. Bc2 Bg6 23. h3 Nb6 24. Qd2 Nc4 25. Qc1 Bxc2 26. Qxc2 Nxe3 27. fxe3
Qxe3+ 28. Qf2 h5 29. Re1 Qxf2+ 30. Kxf2 Kf8 31. Rxe8+ Kxe8 32. Ke3 Kd7 33. Ke4
Ke6 34. g4 hxg4 35. hxg4 Be7 36. b4 f6 37. a4 a6 38. Ne1 b6 39. Nd3 b5 40. axb5
axb5 41. Nc1 Bd6 42. Nb3 Bf4 43. Nc5+ Ke7 44. d5 Kd6 45. dxc6 Kxc6 46. Nb3 Be5
47. Nd4+ Bxd4 48. cxd4 Kd6 49. Kf5 Kd5 50. Kxf6 Kxd4 51. Kxg5 Kc3 52. Kf4 Kxb4
53. g5 Kc3 54. g6 b4 55. g7 b3 56. g8=Q b2 57. Qc8+ Kb3 58. Qb7+ Kc2 59. Qc6+
Kd2 60. Qb5 Kc2 61. Qc4+ Kd2 62. Qb3 Kc1 63. Qc3+ Kb1 64. Ke3 Ka2 65. Qc2 Ka1
66. Qa4+ Kb1 67. Kd3 1-0

[Event "35t. Copenhagen Open (Politiken Cup)"]
[Site "Elsinore"]
[Date "2013.08.04"]
[Round "10"]
[White "Tari, Aryan"]
[Black "Halkias, Stelios"]
[Result "1/2-1/2"]
[WhiteElo "2383"]
[BlackElo "2565"]
[PlyCount "94"]
[EventDate "2013.07.27"]
[EventType "swiss"]
[EventRounds "10"]
[EventCountry "DEN"]
[Source "ChessBase"]
[SourceDate "2013.08.26"]

1. e4 e5 2. Nf3 Nc6 3. Bc4 Nf6 4. d3 Be7 5. O-O O-O 6. Re1 d6 7. a4 Be6 8. c3
Qd7 9. Nbd2 Kh8 10. Bxe6 fxe6 11. d4 exd4 12. cxd4 e5 13. d5 Nd8 14. Nf1 c6 15.
Ng3 Nf7 16. h3 Bd8 17. Ng5 cxd5 18. exd5 Nxg5 19. Bxg5 Bb6 20. Qd2 Nh5 21. Ne4
Nf4 22. Kh2 Nxh3 23. gxh3 Rf3 24. Be3 Qxh3+ 25. Kg1 Raf8 26. Bxb6 axb6 27. Ra3
Qg4+ 28. Ng3 Rxf2 29. Qxf2 Rxf2 30. Kxf2 Qd4+ 31. Rae3 Qxd5 32. Rc1 Qd2+ 33.
Ne2 h6 34. Rc8+ Kh7 35. Rc7 e4 36. Rxe4 Qxb2 37. Rxb7 Qf6+ 38. Rf4 Qe5 39. Rff7
h5 40. Rxg7+ Qxg7 41. Rxg7+ Kxg7 42. Nf4 Kf6 43. Nd5+ Ke5 44. Nxb6 Kd4 45. Nc8
Kc5 46. a5 Kb5 47. Nxd6+ Kxa5 1/2-1/2

[Event "35t. Copenhagen Open (Politiken Cup)"]
[Site "Elsinore"]
[Date "2013.08.04"]
[Round "10"]
[White "Teplyi, Igor"]
[Black "Melkumyan, Hrant"]
[Result "0-1"]
[WhiteElo "2409"]
[BlackElo "2632"]
[PlyCount "100"]
[EventDate "2013.07.27"]
[EventType "swiss"]
[EventRounds "10"]
[EventCountry "DEN"]
[Source "ChessBase"]
[SourceDate "2013.08.26"]

1. Nf3 c5 2. c4 Nc6 3. Nc3 g6 4. e3 Nf6 5. d4 cxd4 6. exd4 d5 7. cxd5 Nxd5 8.
Qb3 Nxc3 9. Bc4 Nd5 10. Bxd5 e6 11. Bxc6+ bxc6 12. O-O Be7 13. Be3 Qd5 14. Rfc1
f6 15. Ne1 Ba6 16. Qc3 Rc8 17. Nd3 Bxd3 18. Qxd3 Bd6 19. Rc4 Rc7 20. Rac1 Kf7
21. Qb3 Rhc8 22. h3 h5 23. Qc2 Qf5 24. Qe2 Qd5 25. b3 Kg7 26. Qd1 Qf5 27. Qe2
h4 28. Qd1 g5 29. Qc2 Qxc2 30. R1xc2 Kf7 31. Bd2 Be7 32. Kf1 Bd8 33. Ke2 f5 34.
f3 Kf6 35. Bb4 Rb7 36. Bd6 Rb6 37. Ra4 Ra8 38. Bc5 Rb7 39. Ra6 Rd7 40. Rxc6 Bb6
41. Bxb6 axb6 42. Rxb6 Rxd4 43. a4 Rad8 44. a5 Rd1 45. a6 Rg1 46. Kf2 Rdd1 47.
Re2 Rgf1+ 48. Ke3 f4+ 49. Ke4 Rd5 50. a7 Rfd1 0-1

[Event "35t. Copenhagen Open (Politiken Cup)"]
[Site "Elsinore"]
[Date "2013.08.04"]
[Round "10"]
[White "Thaler, Toni"]
[Black "Oland, Arne"]
[Result "1/2-1/2"]
[WhiteElo "2091"]
[BlackElo "1955"]
[PlyCount "71"]
[EventDate "2013.07.27"]
[EventType "swiss"]
[EventRounds "10"]
[EventCountry "DEN"]
[Source "ChessBase"]
[SourceDate "2013.08.26"]

1. d4 d5 2. c4 c6 3. Nf3 e6 4. e3 Nf6 5. Nbd2 Bd6 6. b3 Nbd7 7. Bb2 O-O 8. Ne5
Re8 9. Be2 Nf8 10. Qc2 N6d7 11. O-O f6 12. Nxd7 Bxd7 13. e4 Ng6 14. Bh5 f5 15.
e5 Be7 16. c5 Rf8 17. Bxg6 hxg6 18. f4 Kf7 19. Nf3 Rh8 20. g3 Qg8 21. h4 Qh7
22. Kg2 Qh5 23. Rh1 Raf8 24. b4 b6 25. a4 bxc5 26. bxc5 Rb8 27. Bc3 Rhf8 28.
Rab1 Qh8 29. Ba5 Rxb1 30. Rxb1 Rb8 31. Bc7 Rxb1 32. Qxb1 Qc8 33. Bd6 Qa6 34.
Qc2 Qb7 35. Kf2 Bd8 36. Ne1 1/2-1/2